000 00616nam a2200193 i 4500
001 186067
003 ES-MaACL
005 20250728223635.0
008 160906s1961 sp |||| | spa d
100 1 _aMillán Puelles, Antonio,
_d1921-2005
_981155
245 1 3 _aLa función social de los saberes liberales /
_cAntonio Millán Puelles.
260 _aMadrid :
_bRialp,
_c1961.
300 _a193 p. ;
_c21 cm.
490 1 _aNaturaleza e Historia ;
_v1
650 4 _aSaber y erudicción.
_9153788
830 0 0 _aNaturaleza e historia
_v1
_9182943
852 _aES-MaACL
_jE-4860
999 _c186067
_d186067